Programas de Sálvame - Estadísticas

Estadísticas generales
  • Esta prueba ha sido intentada 4 veces
  • La puntuación promedio es 13 de 28
Estadísticas de respuestas
Año Programas % Correcto
2014-2023 Sálvame Limón
100%
2014-2023 Sálvame Naranja
100%
2009-2023 Sálvame Deluxe
75%
2020-2021 Sálvame Tomate
75%
2010-2011 La última cena
50%
2020-2021 La última cena
50%
2020 ¡Quiero dinero!
50%
2019-2020 Sálvame Banana
50%
2020 Sálvame Cereza
50%
2009 Sálvame "golfo"
50%
2022 Sálvame Lemon Tea
50%
2022-2023 Sálvame Naranja Plus
50%
2021 Sálvame: Navidad musical
50%
2009-2010 Sálvame Pirata
50%
2022-2023 Sálvame Sandía
50%
2017-2018 Sálvame Stars y Campanadas de Fin de Año
50%
2019-2020 El tirón
25%
2013 Las bodas de Sálvame
25%
2022 Lo de Belén
25%
2021 Sálvame: El último viaje de Rocío
25%
2015-2016 Sálvame Fashion Week
25%
2022-2023 Sálvame Fashion Week
25%
2017 Sálvame in love
25%
2019 Sálvame Marbella y tal y tal
25%
2022-2023 Sálvame Mediafest / Mediafest Night Fever
25%
2019 Sálvame Okupa
25%
2017 Sálvame Snow Week
25%
2014 Semana grande de Sálvame
25%
No se encontraron pruebas coincidentes
Distribución de puntuación
Porcentaje de gente con cada puntuación
Porcentaje por número respondido
Historial de tus puntuaciones
No has intentado esta prueba.